How to do Everything: Netbook (Record no. 1812)
[ view plain ]
| 005 - DATE AND TIME OF LATEST TRANSACTION | |
|---|---|
| control field | 20250430094159.0 |
| 020 ## - INTERNATIONAL STANDARD BOOK NUMBER | |
| International Standard Book Number | 978-0-07-163956-9 |
| 082 ## - DEWEY DECIMAL CLASSIFICATION NUMBER | |
| Classification number | LECT 006 BAL |
| 100 ## - MAIN ENTRY--PERSONAL NAME | |
| Author name | BALLEW, J. |
| 245 ## - TITLE STATEMENT | |
| Title | How to do Everything: Netbook |
| 260 ## - PUBLICATION, DISTRIBUTION, ETC. | |
| Place of publication, distribution, etc. | London, |
| Name of publisher, distributor, etc. | McGraw Hill, |
| Date of publication, distribution, etc. | 2010. |
| 300 ## - PHYSICAL DESCRIPTION | |
| Extent | xv, 304p.: ill.; figure, pictures, table. |
| Other physical details | Index. |
| Dimensions | 23cm. |
| 942 ## - ADDED ENTRY ELEMENTS (KOHA) | |
| Source of classification or shelving scheme | Dewey Decimal Classification |
| Koha item type | Books |
| Date last seen | Total checkouts | Full call number | Barcode | Cost, replacement price | Price effective from | Koha item type | Lost status | Source of classification or shelving scheme | Damaged status | Not for loan | Withdrawn status | Home library | Current library | Shelving location | Date acquired | Cost, normal purchase price |
|---|---|---|---|---|---|---|---|---|---|---|---|---|---|---|---|---|
| 04/30/2025 | LECT 006 BAL | 0000007055 | 119952.00 | 04/30/2025 | Books | Dewey Decimal Classification | College of Business Education Main Library | College of Business Education Main Library | General Collection | 07/16/2012 | 39984.00 | |||||
| 04/30/2025 | LECT 006 BAL | 0000007056 | 119952.00 | 04/30/2025 | Books | Dewey Decimal Classification | College of Business Education Main Library | College of Business Education Main Library | General Collection | 07/16/2012 | 39984.00 | |||||
| 04/30/2025 | LECT 006 BAL | 0000007057 | 119952.00 | 04/30/2025 | Books | Dewey Decimal Classification | College of Business Education Main Library | College of Business Education Main Library | General Collection | 07/16/2012 | 39984.00 | |||||
| 04/30/2025 | LECT 006 BAL | 0000007058 | 119952.00 | 04/30/2025 | Books | Dewey Decimal Classification | College of Business Education Main Library | College of Business Education Main Library | General Collection | 07/16/2012 | 39984.00 | |||||
| 04/30/2025 | LECT 006 BAL | 0000007059 | 119952.00 | 04/30/2025 | Books | Dewey Decimal Classification | College of Business Education Main Library | College of Business Education Main Library | General Collection | 07/16/2012 | 39984.00 |
